000 00724nam a22001937a 4500
999 _c372218
_d372218
008 201127b ||||| |||| 00| 0 eng d
040 _aDE-2950
_bger
_cDE-2950
_erda
041 _ager
245 _aVon der Lausitz profitieren
_bWirtschaft. Meinungsaustausch mit dem Mittelstand über den Kohleausstieg und die Chancen für Frankfurter Unternehmen/
_chk
264 _c2023
653 _aFrankfurt (Oder)
653 _aWirtschaftschancen
653 _aKohleausstieg
773 _dFrankfurt (Oder) Märkisches Verlags- und Druckhaus GmbH & Co KG
_tMärkische Oderzeitung
_g34. Jahrgang (2023) Nr. 38 vom 14.02.2023, S.15: mit Foto
942 _cA